Les pluriels de mots d'origine étrangère en français - Statistiques

Statistiques générales
  • Ce quiz a été pris 18 fois
  • Le résultat moyen est 13 sur 20
Statistiques - réponses
Question Réponse % Correct
Confetti Confetti / Confettis
100%
Lady Ladies / Ladys
100%
Bagad Bagadou / Bagads
67%
Boss Bosses / Boss
67%
Concerto Concerti / Concertos
67%
Diva Dive / Divas
67%
Forum Fora / Forums
67%
Gentleman Gentlemen / Gentlemans
67%
Géranium Gerania / Geraniums
67%
Goulag Goulagui / Goulags
67%
Goy Goyim / Goys
67%
Hobby Hobbies / Hobbys
67%
Land Länder / Lands
67%
Maximum Maxima / Maximums
67%
Pizza Pizze / Pizzas
67%
Sandwich Sandwiches / Sandwichs
67%
Tsar Tsari / Tsars
67%
Judoka Judoka / Judokas
33%
Médium Media / Médias
33%
Touareg Touareg / Touaregs
33%
Aucun quiz correspondant
Distribution des résultats
% des personnes avec chaque résultat
Percentile par nombre de réponses
Votre historique - résultats
Vous n’avez pas pris ce quiz